000
00272nam a22001217a 4500
008
181023b xxu||||| |||| 00| 0 eng d
041
_a
eng
080
_a
371
100
_a
46
101
_a
EDU
245
_a
A Laboratory Approach to Writing
_c
Laque,C.F
942
_2
udc
_c
BK
999
_c
50725
_d
50725